<?xml version="1.0" encoding="UTF-8"?>
<record
    xmlns:xsi="http://www.w3.org/2001/XMLSchema-instance"
    xsi:schemaLocation="http://www.loc.gov/MARC21/slim http://www.loc.gov/standards/marcxml/schema/MARC21slim.xsd"
    xmlns="http://www.loc.gov/MARC21/slim">

  <leader>01234nam a2200277 i 4500</leader>
  <controlfield tag="001">bg</controlfield>
  <datafield tag="100" ind1="1" ind2=" ">
    <subfield code="a">&#x17B;AK, Magdalena</subfield>
  </datafield>
  <datafield tag="245" ind1="1" ind2="0">
    <subfield code="a">Wyst&#x119;powanie benzenu i jego pochodnych alkilowych w powietrzu atmosferycznym na obszarach miejskich ze szczeg&#xF3;lnym uwzgl&#x119;dnieniem rejon&#xF3;w tras komunikacyjnych /</subfield>
    <subfield code="c">Magdalena &#x17B;ak, Jan Konieczy&#x144;ski, Krzysztof Klejnowski.</subfield>
  </datafield>
  <datafield tag="260" ind1=" " ind2=" ">
    <subfield code="a">Zabrze :</subfield>
    <subfield code="b">IPIi&#x15A; PAN,</subfield>
    <subfield code="c">2005.</subfield>
  </datafield>
  <datafield tag="300" ind1=" " ind2=" ">
    <subfield code="a">164 s. :</subfield>
    <subfield code="b">wykr. (w tym kolor.) ;</subfield>
    <subfield code="c">24 cm.</subfield>
  </datafield>
  <datafield tag="490" ind1="1" ind2=" ">
    <subfield code="a">Prace i Studia / Instytut Podstaw In&#x17C;ynierii &#x15A;rodowiska Polskiej Akademii Nauk =</subfield>
    <subfield code="a">Works &amp; Studies / Institute of Environmental Engineering of the Polish Academy of Sciences,</subfield>
    <subfield code="x">0208-4112 ;</subfield>
    <subfield code="v">no. 64</subfield>
  </datafield>
  <datafield tag="504" ind1=" " ind2=" ">
    <subfield code="a">Bibliogr.</subfield>
  </datafield>
  <datafield tag="650" ind1=" " ind2="9">
    <subfield code="a">Powietrze</subfield>
    <subfield code="x">degradacja</subfield>
    <subfield code="x">badanie</subfield>
  </datafield>
  <datafield tag="650" ind1=" " ind2="9">
    <subfield code="a">Benzen</subfield>
    <subfield code="x">zwi&#x105;zki</subfield>
    <subfield code="x">wp&#x142;yw na &#x15B;rodowisko</subfield>
  </datafield>
  <datafield tag="650" ind1=" " ind2="9">
    <subfield code="a">Spaliny</subfield>
    <subfield code="x">wp&#x142;yw na &#x15B;rodowisko</subfield>
    <subfield code="x">badanie</subfield>
  </datafield>
  <datafield tag="700" ind1="1" ind2=" ">
    <subfield code="a">KONIECZY&#x143;SKI, Jan</subfield>
  </datafield>
  <datafield tag="700" ind1="1" ind2=" ">
    <subfield code="a">KLEJNOWSKI, Krzysztof</subfield>
  </datafield>
  <datafield tag="830" ind1=" " ind2="0">
    <subfield code="a">Prace i Studia (Instytut Podstaw In&#x17C;ynierii &#x15A;rodowiska Polskiej Akademii Nauk) ;</subfield>
    <subfield code="v">no. 64</subfield>
  </datafield>
  <datafield tag="020" ind1=" " ind2=" ">
    <subfield code="a">8392151453</subfield>
  </datafield>
  <datafield tag="040" ind1=" " ind2=" ">
    <subfield code="c">BPK</subfield>
  </datafield>
  <datafield tag="041" ind1="0" ind2=" ">
    <subfield code="a">pol</subfield>
    <subfield code="b">eng</subfield>
  </datafield>
  <datafield tag="080" ind1=" " ind2=" ">
    <subfield code="a">504.3.054:662.6/.7:547</subfield>
  </datafield>
  <datafield tag="920" ind1=" " ind2=" ">
    <subfield code="a">83-921514-5-3</subfield>
  </datafield>
  <datafield tag="942" ind1=" " ind2=" ">
    <subfield code="c">KS</subfield>
  </datafield>
  <controlfield tag="008">      s        pl     f     |000 0 pol  </controlfield>
  <datafield tag="999" ind1=" " ind2=" ">
    <subfield code="c">51578</subfield>
    <subfield code="d">51578</subfield>
  </datafield>
  <datafield tag="856" ind1=" " ind2=" ">
    <subfield code="u">http://koha.tu.koszalin.pl/cgi-bin/koha/opac-detail.pl?biblionumber=51578</subfield>
    <subfield code="y">Katalog online BPK</subfield>
  </datafield>
  <datafield tag="952" ind1=" " ind2=" ">
    <subfield code="0">0</subfield>
    <subfield code="1">0</subfield>
    <subfield code="4">0</subfield>
    <subfield code="7">1</subfield>
    <subfield code="a">ELBUD</subfield>
    <subfield code="b">ELBUD</subfield>
    <subfield code="c">b</subfield>
    <subfield code="o">78671</subfield>
    <subfield code="p">02300566</subfield>
    <subfield code="t">502.3 &#x15A;a</subfield>
    <subfield code="y">KS</subfield>
  </datafield>
</record>
